Statistiken für Wortgemisch - Deutsche Lieder #4

Klicken Sie hier um das Quiz zu spielen!

Allgemein

  • Dieses Quiz wurde 396 mal gespielt
  • Das Durchschnittsergebnis liegt bei 13 aus 15

Antwortstatistiken

HintAntwort% Korrekt
sDa ehgt baDas geht ab
99%
eeliG teiZGeile Zeit
98%
eiGels ebneLGeiles Leben
97%
nEi nemtilpKomEin Kompliment
95%
loleRrRoller
95%
Dsa toer drePfDas rote Pferd
94%
gnEleEngel
93%
sWa ud eibLe stennnWas du Liebe nennst
93%
jarMo TmoMajor Tom
89%
lieBrd mi pfKoBilder im Kopf
85%
matmerVd chi ebil chidVerdammt ich lieb dich
85%
ttosaizBroultoprukdBruttosozialprodukt
81%
niE ßenchib denerFiEin bißchen Frieden
73%
weinernGGewinner
62%
benAleertunadAbenteuerland
57%

Verteilung der Resultate

Perzentil nach korrekt beantworteten Fragen

Anzahl Personen mit jedem Resultat

Ihre Resultats-Entwicklung

Sie haben dieses Quiz noch nicht gespielt